00623nam a2200157 a 450000100100000000500170001000800410002704000250006808200150009310000340010824500910014226001210023330000270035450400420038171000420042300003173320200930063135.0110630nuuuuuuuudr a 000 | spa d aDO-SdBNPbspacBNPHU axxxbR696c1 aRodríguez de Báez, Martha10aConstruyendo una familia sana :bmanual de ejercicios /cMartha Rodríguez de Báez. aSanto Domingo :bUniversidad Católica Santo Domingo. Centro de Investigación y Ciencias de la Familia,c[19--?]. a28 p. :bil. ;c21 cm. aIncluye referencias bibliográficas.1 aUniversidad Católica Santo Domingo.